000 00606nam a2200217Ia 4500
001 dia_6717
003 CHAP
005 20251029170745.0
008 220117s1971 xx 000 0 und d
010 _a178036
040 _cCHAP
_amxchpua
090 _aF 122 1971
100 _aCarvalho C., F.
_9162648
245 _aFertilización del mango /
_c F. Carvalho C.
260 _aMéxico :
_b SAG. Departamento de Extensión Agrícola,
_c1971
300 _a12 p.
901 _aF 122 1971
902 _aM
905 _a0000001971 MX 0000000000SPA00
942 _cFOLL
_2local
999 _c178036
_d178036